How to write, speak, and think more effectively. (Record no. 15027)

000 -LEADER
fixed length control field 00608nam a2200193 a 4500
001 - CONTROL NUMBER
control field :::00012865$&:&@@
003 - CONTROL NUMBER IDENTIFIER
control field OkBaRHE
005 - DATE AND TIME OF LATEST TRANSACTION
control field 20000607103423.0
008 - FIXED-LENGTH DATA ELEMENTS--GENERAL INFORMATION
fixed length control field s1960 j 000 0 eng u
040 ## - CATALOGING SOURCE
Transcribing agency
100 1# - MAIN ENTRY--PERSONAL NAME
Personal name Flesch, Rudolf Franz, 1911-
245 10 - TITLE STATEMENT
Title How to write, speak, and think more effectively.
250 ## - EDITION STATEMENT
Edition statement [1st ed.]
260 ## - PUBLICATION, DISTRIBUTION, ETC. (IMPRINT)
Place of publication, distribution, etc New York, NY., :
Name of publisher, distributor, etc Harper
Date of publication, distribution, etc 1960
300 ## - PHYSICAL DESCRIPTION
Extent 362 p. : illus. ;
Dimensions 22 cm.
650 ## - SUBJECT ADDED ENTRY--TOPICAL TERM
Topical term or geographic name as entry element English Language
General subdivision Rhetoric
942 ## - ADDED ENTRY ELEMENTS (KOHA)
Source of classification or shelving scheme
Koha item type Books
Copies
Koha item type Barcode Source of classification or shelving scheme Damaged status Withdrawn status Total Checkouts Full call number Date checked out Lost status Permanent Location Shelving location Current Location Date last seen Copy number Date acquired Not for loan Price effective from
Books12865   1PE 1408 .F477852017-12-01 RHEMA Bible Training CollegeGeneral StacksRHEMA Bible Training College2018-01-0512010-04-14 2010-04-14